[Event "Bhopal op"]
[Site "Bhopal"]
[Date "2019.12.23"]
[Round "4"]
[White "Lund, Rachit"]
[Black "Anadkat, Kartavya"]
[Result "0-1"]
[WhiteElo "1625"]
[BlackElo "2023"]
[PlyCount "98"]
[EventDate "2019.12.21"]
[EventType "swiss"]
[EventRounds "10"]
[EventCountry "IND"]
[SourceTitle "CBM 194 Extra"]
[Source "ChessBase"]
[SourceDate "2020.03.31"]
[SourceVersion "1"]
[SourceVersionDate "2020.03.31"]
[SourceQuality "1"]

1. e4 e5 2. Nf3 Nc6 3. Bc4 Bc5 4. 0-0 Nf6 5. d3 0-0 6. c3 d5 7. exd5 Nxd5 8. b4 Be7 9. h3 Bf5 10. Bb3 Bf6 11. Bc2 Qd7 12. b5 Nd8 13. Ng5 Bxg5 14. Bxg5 Ne6 15. Be3 Ndf4 16. d4 Bxc2 17. Qxc2 exd4 18. cxd4 Nxd4 19. Qc4 Nfe2+ 20. Kh1 Qxb5 21. Qxb5 Nxb5 22. a4 Nbd4 23. Ra2 Rfe8 24. Rd2 Rxe3 25. fxe3 Ng3+ 26. Kg1 Nxf1 27. Rxd4 Nxe3 28. g4 c6 29. Nc3 Kf8 30. Rd7 Rb8 31. Ne4 Nc4 32. Rc7 Ne5 33. Nd6 b5 34. axb5 cxb5 35. Rc5 Nd7 36. Rf5 f6 37. Nxb5 a5 38. Nc3 Rc8 39. Ne4 Rc4 40. Nd6 Rc1+ 41. Kf2 Ke7 42. Nb7 Ne5 43. g5 a4 44. gxf6+ gxf6 45. Na5 a3 46. Rh5 a2 47. Rxh7+ Nf7 48. Nb3 Rb1 49. Rh4 Rb2+ 0-1